Calculus and linear algebra/ (Record no. 171470)

MARC details
000 -LEADER
fixed length control field 00553nam a22001817a 4500
005 - DATE AND TIME OF LATEST TRANSACTION
control field 20200114114846.0
010 ## - LCCN (DPL NO)
LC control number ENG-127406
020 ## - INTERNATIONAL STANDARD BOOK NUMBER
International Standard Book Number 9789388478007
Terms of availability 425.00
035 ## - SYSTEM CONTROL NUMBER
System control number EN-110938
037 ## - SOURCE OF ACQUISITION
Source of stock number/acquisition DBAD/PUB
082 ## - DEWEY DECIMAL CLASSIFICATION NUMBER
Classification number 515.24
100 ## - MAIN ENTRY--PERSONAL NAME
Personal name Chandrasekharaiah,D.S
245 ## - TITLE STATEMENT
Title Calculus and linear algebra/
Statement of responsibility, etc by D.S.Chandrasekharaiah
260 ## - PUBLICATION, DISTRIBUTION, ETC. (IMPRINT)
Place of publication, distribution, etc Bengaluru
Name of publisher, distributor, etc Prism books
Date of publication, distribution, etc 2018
270 ## - ADDRESS
Address 1865,32nd cross,10th main,Banashankari II stage
City Bengaluru
Postal code 560070
300 ## - PHYSICAL DESCRIPTION
Extent 395p.
Dimensions 24cm(pbk)
942 ## - ADDED ENTRY ELEMENTS (KOHA)
Source of classification or shelving scheme Dewey Decimal Classification
Item type English Books
Classification part 515.24
Call number suffix CHA
Holdings
Withdrawn status Lost status Not for loan Collection code Home library Current library Date acquired Source of acquisition Cost, normal purchase price Full call number Barcode Copy number Cost, replacement price Koha item type
      Non-fiction Central Library Central Library 14/01/2020 DBAD/PUB 425.00 515.24 CHA EN-110938 1 425.00 English Books

© Delhi Public Library
Hit Counter
free hit counter